| 000 | 01401cad a22002175a 4500 | ||
|---|---|---|---|
| 001 | L156945 | ||
| 008 | 120731s2012 xxk f 000 0 eng d | ||
| 035 | _a(Sirsi) u156945 | ||
| 041 | 0 | _aeng | |
| 100 | 1 | _aWhyte, Jennifer | |
| 110 | 2 |
_aDesign Innovation Research Centre, University of Reading _96101 |
|
| 245 | 0 | 0 |
_aBuilding information modelling in 2012 _bresearch challenges, contributions, opportunities _h[electronic resource] |
| 260 |
_aReading _bUniversity of Reading _c2012 |
||
| 490 | 0 |
_aDesign Innovation Research Centre Working Paper _vNumber 5 |
|
| 520 | _aThis working paper provides an annotated bibliography of studies on BIM which were published in English in the first six months of 2012. It discusses the areas of focus in this international research and how the work relates to and informs changes in policy and practice. The paper is written in the context of the UK BIM task group's ambition to implement BIM in public procurement by 2016. The aim is not to provide a comprehensive review, but rather starting points for discussion about the related research challenges, contributions to practice, and future research opportunities. | ||
| 590 | _aKA NTK | ||
| 651 | 4 | _aInternational | |
| 690 |
_aBIM _96219 |
||
| 856 | 4 | 0 |
_uhttps://www.reading.ac.uk/web/FILES/designinnovation/DIRC_Working_Paper_5.pdf _zView the working paper free of charge at www.reading.ac.uk |
| 942 | _n0 | ||
| 999 |
_c114507 _d114507 |
||